• 首页
  • 本馆介绍
  • 公告通知
  • 最新文献
  • 馆藏检索
  • 电子资源
  • 读者导购
  • 参考咨询
  • 我的图书馆
  • 登录
  • 详细信息显示
  • 放入我的书架
  • 预约/预借图书
  • 作者相关作品
  • 分类相关作品
  • 丛书相关作品
  • 出版社相关作品

书目信息

  • 表格格式
  • 工作单格式
  • 卡片格式
题名:
环境工程微生物学
    
 
作者: 王国惠 主编
分册:  
出版信息: 北京   化学工业出版社  2005
页数: 324页
开本: 26cm
丛书名:
单 册:
中图分类: X172
科图分类:
主题词: 环境生物学--微生物学--高等学校--教材 , 环境生物学 , 微生物学
电子资源:
ISBN: 7-5025-6446-2
000 00889nam0 2200277 450
001 002939376
005 20070720111843.39
010    @a7-5025-6446-2@dCNY36.00
035    @a002939376
100    @a20050317d2005 em y0chiy0110 ea
101 0  @achi
102    @aCN@b110000
105    @aa z 000yy
106    @ar
200 1  @a环境工程微生物学@Ahuan jing gong cheng wei sheng wu xue@f王国惠主编@Fwang guo hui zhu bian
210    @a北京@c化学工业出版社@d2005
215    @a324页@c图@d26cm
300    @a面向21世纪高等学校规划教材
330    @a本书内容包括:原核微生物、真核微生物、非细胞微生物——病毒、微生物的营养、微生物的代谢、环境微生物检测等。
606 0  @a环境生物学@x微生物学@x高等学校@j教材
606 0  @a环境生物学
606 0  @a微生物学
690    @aX172@v4
701  0 @a王国惠@Awang guo hui@c(环境生物学)@4主编
801  0 @aCN@bNLC@c20070720
905    @dX172@e138@f5
    
    环境工程微生物学/王国惠主编.-北京:化学工业出版社,2005
    324页:图;26cm
    面向21世纪高等学校规划教材
    
    ISBN 7-5025-6446-2:CNY36.00
    本书内容包括:原核微生物、真核微生物、非细胞微生物——病毒、微生物的营养、微生物的代谢、环境微生物检测等。
●
相关链接 在E读中查询图书 在五车中查询图书 在当当中查询图书 在豆瓣中查询图书


正题名:环境工程微生物学     索取号:X172/138         预约/预借

序号 登录号 条形码 馆藏地/架位号 状态 备注
1 0850394   208503948   第二样本阅览室/ [索取号:X172/138] 在馆    
2 0850395   208503957   第三借阅区/ [索取号:X172/138] 在馆    
3 0850396   208503966   第三借阅区/ [索取号:X172/138] 在馆    
4 0850397   208503975   第三借阅区/ [索取号:X172/138] 在馆    
5 0850398   208503984   第三借阅区/ [索取号:X172/138] 在馆    
唐山师范学院图书馆 欢迎您!
大连网信软件有限公司© 版权所有